Christmas Movies - Sudden Death - Statistics

General Stats
  • This quiz has been taken 625 times
    84 since last reset
  • The average score is 7 of 18
Answers on the Grid
Answers color-coded by a green-red scale on the quiz's grid according to % correct below.
It's a Wonderful Life
Cool Runnings
A Series of Unfortunate Events
Scrooged
Anastasia
Roman Holiday
Holiday Inn
Fargo
Die Hard
The Holdovers
Gremlins
The Revenant
Cold Mountain
Frozen
The Ref
Elf
Spirited Away
Batman Returns
Planes, Trains and Automobiles
Misery
Tokyo Godfathers
Red One
Snowpiercer
Miracle on 34th Street
Moonstruck
Home Alone
Meet Me in St. Louis
Balto
The Polar Express
Love Actually
The Hateful Eight
Toy Story
Little Women
Liar Liar
Home Alone 2: Lost in New York
Winter's Bone
 
Answer Stats
Answer % Correct
It's a Wonderful Life
86%
Die Hard
66%
Elf
66%
Scrooged
64%
The Polar Express
58%
Home Alone
56%
Home Alone 2: Lost in New York
56%
Gremlins
44%
Love Actually
44%
Miracle on 34th Street
41%
Holiday Inn
32%
Red One
24%
The Holdovers
17%
Little Women
14%
Batman Returns
12%
Meet Me in St. Louis
10%
The Ref
5%
Tokyo Godfathers
3%
No matching quizzes found
Score Distribution
Percent of People with Each Score
Percentile by Number Answered
Your Score History
You have not taken this quiz since the last reset